| 000 | 01248nas a2200385 4500 | ||
|---|---|---|---|
| 001 | BR0500940 | ||
| 003 | BR-BrBNA | ||
| 005 | 20231205105200.0 | ||
| 007 | ta | ||
| 008 | 230509b bl.|||p| |||| 00| 00por d | ||
| 040 |
_aBR-BrBNA _bpor _cBiblioteca Nacional de Agricultura |
||
| 041 | _a(Pt) | ||
| 072 | _aL02; Q54 | ||
| 100 | 1 | _aMendonça, S. de S. | |
| 100 | 1 | _aCampos, J.M. de S. | |
| 100 | 1 | _aValadares Filho, S. de C. | |
| 100 | 1 | _aValadares, R.F.D. | |
| 100 | 1 | _aSoares, C.A. | |
| 100 | 1 | _aLana, R. de P. | |
| 100 | 1 | _aQueiróz, A.C. de | |
| 100 | 1 | _aAssis, A.J. de | |
| 100 | 1 | _aPereira, M.L.A. | |
| 245 | 1 | _aBalanço de compostos nitrogenados, produção de proteína microbiana e concentração plasmática de uréia em vacas leiteiras alimentadas com dietas à base de cana-de-açúcar | |
| 650 | _aVACA LEITEIRA | ||
| 650 | _aDIETA | ||
| 650 | _aCANA DE AÇÚCAR | ||
| 650 | _aURÉIA | ||
| 650 | _aPROTEÍNA MICROBIANA | ||
| 650 | _aCOMPOSTO NITROGENADO | ||
| 650 | _aLEITE | ||
| 650 | _aCOMPOSIÇÃO DE ALIMENTO | ||
| 773 | 0 |
_tRevista Brasileira de Zootecnia (Brazil) _xISSN 1516-3598 _g(Mar-Apr 2004), v. 33(2) p. 493-503 _wBR0500940 |
|
| 909 |
_a202311 _bLúcia _c55 _dLúcia Elande |
||
| 942 |
_2AGRIS _n0 _cANA |
||
| 999 |
_c181643 _d181643 |
||